| 000 | 00469nam a22001577a 4500 | ||
|---|---|---|---|
| 020 | _a978000019547 | ||
| 082 |
_aM301 _bSRE/N |
||
| 100 |
_aSreekantan Karikkakom _9154851 |
||
| 245 |
_aNagarathile sambarkalangal/ _cby Sreekantan Karikkakom |
||
| 260 |
_aKottayam: _bSahithay Pravarthaka Co-operative Society, _c2013. |
||
| 300 | _a96p. | ||
| 650 |
_aStories Malayalam _9154852 |
||
| 650 |
_aLiterature Malayalam _9154853 |
||
| 650 |
_aLiterature _9154854 |
||
| 942 | _cBK | ||
| 999 |
_c141663 _d141663 |
||